[Event "Punta del Este Alekhiine op 1st"]
[Site "Punta del Este"]
[Date "2024.03.10"]
[Round "4"]
[White "Arias Bouzada, Jorge"]
[Black "Durante, Aurelio"]
[Result "1-0"]
[WhiteElo "1996"]
[BlackElo "1944"]
[PlyCount "81"]
[EventDate "2024.03.08"]
[EventType "swiss"]
[EventRounds "5"]
[EventCountry "URU"]
[SourceTitle "CB13_2024"]
[SourceDate "2024.03.27"]
[SourceVersion "1"]
[SourceVersionDate "2024.03.27"]
[SourceQuality "1"]

1. c4 e6 2. Nc3 d5 3. d4 Nf6 4. Bg5 Be7 5. e3 0-0 6. Nf3 c6 7. cxd5 cxd5 8. Bd3 a6 9. 0-0 Nbd7 10. Re1 b5 11. Bb1 Bb7 12. Qd3 Ne4 13. Bxe7 Qxe7 14. Ne5 f5 15. f3 Nd6 16. b3 Rac8 17. Ne2 Nxe5 18. dxe5 Nf7 19. f4 g5 20. Nd4 g4 21. Qe2 Rfd8 22. Bxf5 exf5 23. Nxf5 Qf8 24. Qxg4+ Kh8 25. Nd4 Nh6 26. Qg5 Qg7 27. Qxg7+ Kxg7 28. Ne6+ Kg6 29. Nxd8 Rxd8 30. Rac1 Bc8 31. Rc6+ Kg7 32. Rec1 Bf5 33. Rxa6 Ng4 34. Rc7+ Kg8 35. h3 Nxe3 36. g4 d4 37. Rd6 Rxd6 38. exd6 Kf8 39. gxf5 d3 40. d7 Ke7 41. Rc3 1-0

[Event "Punta del Este Alekhiine op 1st"]
[Site "Punta del Este"]
[Date "2024.03.09"]
[Round "3"]
[White "Durante, Aurelio"]
[Black "Saralegui Cassan, Mario"]
[Result "1/2-1/2"]
[WhiteElo "1944"]
[BlackElo "1997"]
[PlyCount "89"]
[EventDate "2024.03.08"]
[EventType "swiss"]
[EventRounds "5"]
[EventCountry "URU"]
[SourceTitle "CB13_2024"]
[SourceDate "2024.03.27"]
[SourceVersion "1"]
[SourceVersionDate "2024.03.27"]
[SourceQuality "1"]

1. e4 e5 2. Nf3 Nc6 3. Bb5 a6 4. Ba4 Nf6 5. 0-0 Be7 6. Re1 b5 7. Bb3 0-0 8. c3 d6 9. d3 Na5 10. Bc2 c5 11. Nbd2 Nc6 12. Nf1 h6 13. a4 b4 14. Ne3 Re8 15. d4 bxc3 16. bxc3 cxd4 17. cxd4 Qc7 18. Ba3 exd4 19. Nxd4 Nxd4 20. Qxd4 Bf8 21. Rac1 Qa7 22. Qxa7 Rxa7 23. f3 Be6 24. Red1 Rd8 25. Rb1 Rc7 26. Bb4 Rb8 27. Bd3 Rcb7 28. Bd2 Bb3 29. Rdc1 Bxa4 30. Rxb7 Rxb7 31. Bxa6 Rb8 32. Bc4 Nd7 33. Bd5 Nc5 34. Bc4 Ne6 35. Nf5 Kh7 36. Bd5 Bd7 37. Be1 g6 38. Ne3 Bg7 39. Bf2 Nf4 40. Rd1 Be6 41. g3 Nh3+ 42. Kg2 Nxf2 43. Kxf2 Rb2+ 44. Kg1 Bxd5 45. Rxd5 1/2-1/2

[Event "Montevideo Duchamp Cup 7th"]
[Site "Montevideo"]
[Date "2024.02.05"]
[Round "5"]
[White "Quevedo, Andreina"]
[Black "Durante, Aurelio"]
[Result "1-0"]
[WhiteElo "1762"]
[BlackElo "1956"]
[PlyCount "73"]
[EventDate "2024.02.01"]
[EventType "swiss"]
[EventRounds "9"]
[EventCountry "URU"]
[SourceTitle "CB07_2024"]
[SourceDate "2024.02.14"]
[SourceVersion "1"]
[SourceVersionDate "2024.02.14"]
[SourceQuality "1"]

1. e4 c5 2. Nf3 d6 3. Bb5+ Nd7 4. 0-0 a6 5. Bd3 Ngf6 6. c3 c4 7. Bxc4 Nxe4 8. Re1 Ndf6 9. d3 Nc5 10. b4 Ncd7 11. Bg5 h6 12. Bh4 e6 13. a4 Be7 14. Nbd2 0-0 15. h3 b6 16. Nf1 Bb7 17. Nd4 Re8 18. Rc1 Rc8 19. Bxe6 Bd5 20. Bxd5 Nxd5 21. Bxe7 Rxe7 22. Nf5 Rxe1 23. Qxe1 Qf6 24. N1g3 Ne5 25. Qd2 h5 26. c4 Nxb4 27. Qxb4 Nxd3 28. Qc3 Ne5 29. Ne3 b5 30. axb5 axb5 31. Nxh5 Qg5 32. Ng3 Nxc4 33. Ne4 Qf4 34. Qd3 Re8 35. Nxd6 Rd8 36. Qf5 Qxf5 37. Ndxf5 1-0

[Event "Montevideo Duchamp Cup 6th"]
[Site "Montevideo"]
[Date "2023.02.08"]
[Round "6"]
[White "Durante, Aurelio"]
[Black "Elters, Antoine"]
[Result "1/2-1/2"]
[WhiteElo "1983"]
[BlackElo "2179"]
[PlyCount "73"]
[EventDate "2023.02.03"]
[EventType "swiss"]
[EventRounds "9"]
[EventCountry "URU"]
[SourceTitle "CBM 212 Extra"]
[Source "ChessBase"]
[SourceDate "2023.03.31"]
[SourceVersion "1"]
[SourceVersionDate "2023.03.31"]
[SourceQuality "1"]

1. d4 Nf6 2. Nf3 g6 3. Nbd2 d5 4. e3 Bg7 5. Bd3 b6 6. 0-0 Bb7 7. Ne5 0-0 8. f4 c5 9. c3 Nc6 10. Qe1 Nd7 11. Ndf3 Ndxe5 12. Nxe5 f6 13. Nxc6 Bxc6 14. f5 g5 15. Qe2 a5 16. Bd2 Qd6 17. Rae1 Ra7 18. Qg4 Be8 19. e4 h5 20. Qf3 cxd4 21. cxd4 dxe4 22. Qxe4 Rd7 23. Bc3 Bf7 24. a3 Rc8 25. Rc1 Rdc7 26. Ba6 Rd8 27. Rfe1 Bf8 28. Re2 Bd5 29. Qd3 Qf4 30. Rf1 Qd6 31. Rfe1 Bf7 32. Bb5 Qd5 33. a4 Qb3 34. Qg3 Rd6 35. Re3 Qd5 36. Qf2 Qa2 37. Qe2 1/2-1/2

[Event "Montevideo Duchamp Cup 6th"]
[Site "Montevideo"]
[Date "2023.02.06"]
[Round "4"]
[White "Piasetski, Leon David"]
[Black "Durante, Aurelio"]
[Result "1-0"]
[WhiteElo "2217"]
[BlackElo "1983"]
[PlyCount "55"]
[EventDate "2023.02.03"]
[EventType "swiss"]
[EventRounds "9"]
[EventCountry "URU"]
[SourceTitle "CBM 212 Extra"]
[Source "ChessBase"]
[SourceDate "2023.03.31"]
[SourceVersion "1"]
[SourceVersionDate "2023.03.31"]
[SourceQuality "1"]

1. c4 c6 2. Nf3 d5 3. e3 Nf6 4. Nc3 e6 5. d4 Nbd7 6. Bd3 Bd6 7. 0-0 0-0 8. Qc2 Qe7 9. h3 a6 10. e4 dxe4 11. Nxe4 Nxe4 12. Bxe4 h6 13. c5 Bc7 14. Re1 Nf6 15. Bd3 Rd8 16. Bd2 b6 17. b4 a5 18. Rab1 Nd5 19. cxb6 Bxb6 20. bxa5 Bxa5 21. Bxa5 Rxa5 22. Ne5 Bd7 23. Rb7 Nb4 24. Qc3 Nxd3 25. Qxa5 Nxe1 26. Nxc6 Qg5 27. Qxg5 hxg5 28. Nxd8 1-0

[Event "Colonia del Sacramento op 3rd"]
[Site "Colonia del Sacramento"]
[Date "2022.05.22"]
[Round "?"]
[White "Durante, Aurelio"]
[Black "De Cuadro, Dionisio"]
[Result "1-0"]
[WhiteElo "1951"]
[BlackElo "1543"]
[PlyCount "59"]
[EventDate "2022.05.20"]
[EventType "swiss"]
[EventRounds "5"]
[EventCountry "URU"]
[SourceTitle "CBM 208 Extra"]
[Source "ChessBase"]
[SourceDate "2022.07.31"]
[SourceVersion "1"]
[SourceVersionDate "2022.07.31"]
[SourceQuality "1"]

1. e4 e5 2. Nf3 Nf6 3. Nc3 Bb4 4. Bc4 Nc6 5. 0-0 0-0 6. Re1 d6 7. h3 a6 8. a3 Bc5 9. d3 h6 10. Ne2 b5 11. Ba2 Qe7 12. c3 Be6 13. Ng3 Bxa2 14. Rxa2 Qe6 15. Ra1 Rfe8 16. d4 exd4 17. cxd4 Nxd4 18. Nxd4 Qe5 19. Nb3 Bb6 20. Kf1 Rad8 21. f4 Qe6 22. Qc2 d5 23. e5 c5 24. Nxc5 Qe7 25. b4 Rc8 26. Be3 Nd7 27. Nf5 Qf8 28. Nd6 f6 29. Nxc8 Nxc5 30. Nxb6 1-0

[Event "Colonia del Sacramento op 3rd"]
[Site "Colonia del Sacramento"]
[Date "2022.05.21"]
[Round "?"]
[White "Zalisnak, Jacobo"]
[Black "Durante, Aurelio"]
[Result "0-1"]
[WhiteElo "2110"]
[BlackElo "1951"]
[PlyCount "50"]
[EventDate "2022.05.20"]
[EventType "swiss"]
[EventRounds "5"]
[EventCountry "URU"]
[SourceTitle "CBM 208 Extra"]
[Source "ChessBase"]
[SourceDate "2022.07.31"]
[SourceVersion "1"]
[SourceVersionDate "2022.07.31"]
[SourceQuality "1"]

1. b3 b6 2. Bb2 Bb7 3. e3 Nf6 4. f4 g6 5. Nf3 Bg7 6. Be2 0-0 7. 0-0 d6 8. a4 a5 9. Na3 Nbd7 10. Nc4 Re8 11. Qe1 e6 12. d3 Nc5 13. Qd2 Qe7 14. Rae1 Rad8 15. Bd1 Ba6 16. Na3 Nfe4 17. Qc1 Bxd3 18. Be2 Bxe2 19. Rxe2 Nc3 20. Ree1 N3e4 21. Nb5 c6 22. Bxg7 Kxg7 23. Nbd4 Qc7 24. Qa1 f6 25. h4 Ng3 0-1

[Event "Montevideo Duchamp Cup 5th"]
[Site "Montevideo"]
[Date "2022.02.19"]
[Round "9"]
[White "Durante, Aurelio"]
[Black "Zaruski, Julio"]
[Result "1-0"]
[WhiteElo "1944"]
[BlackElo "1764"]
[PlyCount "67"]
[EventDate "2022.02.12"]
[EventType "swiss"]
[EventRounds "9"]
[EventCountry "URU"]
[SourceTitle "CBM 206 Extra"]
[Source "ChessBase"]
[SourceDate "2022.03.31"]
[SourceVersion "1"]
[SourceVersionDate "2022.03.31"]
[SourceQuality "1"]

1. e4 c5 2. d3 d5 3. Nd2 e6 4. Ngf3 Nc6 5. g3 Nf6 6. Bg2 Be7 7. 0-0 b5 8. Re1 0-0 9. e5 Nd7 10. Nf1 Bb7 11. h4 a5 12. N1h2 a4 13. Ng4 f5 14. exf6 Nxf6 15. Nxf6+ Bxf6 16. Rxe6 a3 17. c3 b4 18. Qc2 Qd7 19. Re1 axb2 20. Bxb2 bxc3 21. Bxc3 Nb4 22. Qd2 Bxc3 23. Qxc3 Rxf3 24. Bxf3 d4 25. Qc4+ Kh8 26. Bxb7 Qxb7 27. a3 Na6 28. Rab1 Qc8 29. Qd5 h6 30. Re7 Rb8 31. Rbe1 Qg4 32. Re8+ Rxe8 33. Rxe8+ Kh7 34. h5 1-0

[Event "Montevideo Duchamp Cup 5th"]
[Site "Montevideo"]
[Date "2022.02.13"]
[Round "2"]
[White "Durante, Aurelio"]
[Black "Labollita, Martin"]
[Result "1/2-1/2"]
[WhiteElo "1944"]
[BlackElo "2388"]
[PlyCount "66"]
[EventDate "2022.02.12"]
[EventType "swiss"]
[EventRounds "9"]
[EventCountry "URU"]
[SourceTitle "CBM 206 Extra"]
[Source "ChessBase"]
[SourceDate "2022.03.31"]
[SourceVersion "1"]
[SourceVersionDate "2022.03.31"]
[SourceQuality "1"]

1. e4 Nf6 2. e5 Nd5 3. c4 Nb6 4. d4 d6 5. exd6 exd6 6. Nc3 Be7 7. Be3 c6 8. h3 Bf5 9. Nf3 0-0 10. Be2 Re8 11. Qb3 Qc8 12. 0-0 Na6 13. a3 Nd7 14. Rfe1 Nc7 15. Rad1 h6 16. d5 c5 17. Bf4 Bf8 18. Bf1 Rb8 19. Rxe8 Nxe8 20. Nd2 a6 21. Re1 Ndf6 22. Nce4 Nxe4 23. Nxe4 b5 24. cxb5 axb5 25. Ng3 Bg6 26. Bxb5 Nc7 27. a4 Qb7 28. Ne4 Bxe4 29. Rxe4 Nxd5 30. Qg3 Nc3 31. Re1 Nxb5 32. axb5 Qxb5 33. Bxd6 Bxd6 1/2-1/2

[Event "Montevideo Contra el Bicho op"]
[Site "Montevideo"]
[Date "2020.09.07"]
[Round "4"]
[White "Durante, Aurelio"]
[Black "Muzzi, Eduardo"]
[Result "1/2-1/2"]
[WhiteElo "1946"]
[BlackElo "1906"]
[PlyCount "75"]
[EventDate "2020.08.28"]
[EventType "swiss"]
[EventRounds "6"]
[EventCountry "URU"]
[SourceTitle "EXT 2021"]
[Source "ChessBase"]
[SourceDate "2020.10.23"]
[SourceVersion "1"]
[SourceVersionDate "2020.10.23"]
[SourceQuality "1"]

1. e4 e6 2. Qe2 c5 3. Nf3 Nc6 4. g3 Nge7 5. Bg2 d5 6. d3 g6 7. 0-0 Bg7 8. Re1 0-0 9. c3 b6 10. e5 Ba6 11. h4 Rb8 12. Bf4 d4 13. Bf1 Nd5 14. Bg5 Qd7 15. c4 Nde7 16. a4 Bb7 17. Nbd2 Nb4 18. Rac1 Rfe8 19. Ne4 Bxe4 20. Qxe4 a6 21. b3 Na2 22. Rc2 Nc3 23. Qf4 b5 24. axb5 axb5 25. Nh2 Nf5 26. g4 h6 27. Bf6 Bxf6 28. exf6 Qd6 29. Qd2 bxc4 30. bxc4 Nb1 31. Qc1 Kh7 32. gxf5 gxf5 33. Nf3 Rg8+ 34. Kh1 Nc3 35. Qd2 Nb1 36. Qc1 Nc3 37. Qd2 Nb1 38. Qc1 1/2-1/2

[Event "Montevideo Contra el Bicho op"]
[Site "Montevideo"]
[Date "2020.08.28"]
[Round "1"]
[White "Blanco, Rudemar Ernesto"]
[Black "Durante, Aurelio"]
[Result "0-1"]
[WhiteElo "1488"]
[BlackElo "1946"]
[PlyCount "60"]
[EventDate "2020.08.28"]
[EventType "swiss"]
[EventRounds "6"]
[EventCountry "URU"]
[SourceTitle "EXT 2021"]
[Source "ChessBase"]
[SourceDate "2020.10.23"]
[SourceVersion "1"]
[SourceVersionDate "2020.10.23"]
[SourceQuality "1"]

1. d4 d5 2. Bf4 Nf6 3. e3 e6 4. Nd2 Bd6 5. Bg3 0-0 6. Bd3 Nc6 7. Bxd6 Qxd6 8. c3 e5 9. dxe5 Nxe5 10. Bc2 Bg4 11. Ne2 Rfe8 12. h3 Bh5 13. Nb3 c5 14. g4 Nf3+ 15. Kf1 Bg6 16. Bxg6 hxg6 17. Nf4 Ne5 18. g5 Ne4 19. Qxd5 Qa6+ 20. Kg2 Nxg5 21. Qd1 Rad8 22. Qc2 Qc6+ 23. Kg3 Qf3+ 24. Kh2 Nd3 25. Qe2 Qxf4+ 26. exf4 Rxe2 27. fxg5 Rxf2+ 28. Kg3 Rd5 29. h4 Rdf5 30. Rad1 R5f3+ 0-1

[Event "Punta del Este Alekhine op"]
[Site "Punta del Este"]
[Date "2020.03.08"]
[Round "5"]
[White "Ponce, Leonardo"]
[Black "Durante, Aurelio"]
[Result "1-0"]
[WhiteElo "1700"]
[BlackElo "1964"]
[PlyCount "104"]
[EventDate "2020.03.06"]
[EventType "swiss"]
[EventRounds "5"]
[EventCountry "URU"]
[SourceTitle "EXT 2021"]
[Source "ChessBase"]
[SourceDate "2020.10.23"]
[SourceVersion "1"]
[SourceVersionDate "2020.10.23"]
[SourceQuality "1"]

1. d4 c5 2. d5 d6 3. c4 g6 4. Nc3 Bg7 5. e4 Nf6 6. Bd3 0-0 7. Nf3 e5 8. 0-0 Bg4 9. Be2 a6 10. h3 Bd7 11. Bg5 h6 12. Be3 Kh7 13. Qd2 b5 14. cxb5 axb5 15. Qc2 b4 16. Nb5 Ne8 17. a4 Na6 18. Nd2 Qb8 19. f4 Nac7 20. Nxc7 Qxc7 21. b3 exf4 22. Bxf4 Bxa1 23. Rxa1 f5 24. Rf1 Ng7 25. Qd3 Rad8 26. Qg3 fxe4 27. Bxd6 Rxf1+ 28. Bxf1 Qa7 29. Nxe4 Nf5 30. Nf6+ Kg7 31. Qe5 Kf7 32. Ne4 Rg8 33. Qf6+ Ke8 34. Bxc5 Qb8 35. Nd6+ Nxd6 36. Bxd6 Qb6+ 37. Kh2 Qe3 38. Bc4 g5 39. Qxh6 Kf7 40. Bxb4 Qf4+ 41. Kg1 Qc1+ 42. Bf1 Bf5 43. Qh5+ Kf6 44. Qe2 Qc7 45. Qa6+ Kg7 46. Bc4 Qf4 47. Bc3+ Kh7 48. Qf6 Bg6 49. d6 Qe3+ 50. Kh2 Qf4+ 51. Qxf4 gxf4 52. Bxg8+ Kxg8 1-0

[Event "URU-ch sf"]
[Site "Montevideo"]
[Date "2020.02.23"]
[Round "4"]
[White "Curi, Gabriel"]
[Black "Durante, Aurelio"]
[Result "1-0"]
[WhiteElo "2132"]
[BlackElo "1955"]
[PlyCount "113"]
[EventDate "2020.02.21"]
[EventType "swiss"]
[EventRounds "8"]
[EventCountry "URU"]
[SourceTitle "CBM 195 Extra"]
[Source "ChessBase"]
[SourceDate "2020.05.31"]
[SourceVersion "1"]
[SourceVersionDate "2020.05.31"]
[SourceQuality "1"]

1. e4 e5 2. Nf3 Nc6 3. Bb5 a6 4. Ba4 Nf6 5. Qe2 Be7 6. 0-0 0-0 7. c3 d6 8. Rd1 b5 9. Bc2 Bg4 10. d3 d5 11. Nbd2 Nh5 12. h3 Nf4 13. Qe3 Bh5 14. Re1 d4 15. cxd4 Bg5 16. Nxg5 Qxg5 17. g4 Nxd4 18. Bd1 Bg6 19. Qg3 h5 20. Nb3 h4 21. Qe3 Rad8 22. Kh2 Qf6 23. Nxd4 Rxd4 24. Bc2 Rfd8 25. Qf3 Nxd3 26. Qxf6 gxf6 27. Bxd3 Rxd3 28. Kg2 R8d4 29. f3 Rc4 30. Kf2 Rc2+ 31. Re2 Rxe2+ 32. Kxe2 Bxe4 33. fxe4 Rxh3 34. Be3 Rg3 35. Rg1 Rh3 36. Bf2 Kg7 37. Kf1 Kg6 38. Ke2 Rh2 39. Kf3 Rh3+ 40. Kg2 Rd3 41. Bxh4 Rd2+ 42. Kh3 Rxb2 43. Rf1 Rxa2 44. Rxf6+ Kg7 45. Rc6 Re2 46. Bf6+ Kg8 47. Kh4 Rxe4 48. Kg5 Rd4 49. Rxc7 Rc4 50. Ra7 Rc8 51. Bxe5 Kf8 52. Rxa6 Rc4 53. Rb6 Rc5 54. Kf6 Ke8 55. Rb8+ Kd7 56. Rb7+ Ke8 57. Re7+ 1-0

[Event "Montevideo Duchamp Cup 4th"]
[Site "Montevideo"]
[Date "2020.02.15"]
[Round "9"]
[White "Durante, Aurelio"]
[Black "Dominguez, Facundo"]
[Result "1/2-1/2"]
[WhiteElo "1955"]
[BlackElo "2135"]
[PlyCount "88"]
[EventDate "2020.02.08"]
[EventType "swiss"]
[EventRounds "9"]
[EventCountry "URU"]
[SourceTitle "CBM 194 Extra"]
[Source "ChessBase"]
[SourceDate "2020.03.31"]
[SourceVersion "1"]
[SourceVersionDate "2020.03.31"]
[SourceQuality "1"]

1. e4 c5 2. Nf3 e6 3. c3 Nc6 4. d4 cxd4 5. cxd4 d5 6. exd5 exd5 7. Nc3 Nf6 8. a3 Be7 9. Be2 0-0 10. 0-0 Bf5 11. Bf4 Rc8 12. Rc1 Ne4 13. Qb3 Na5 14. Qa2 Be6 15. Bd3 Nxc3 16. Rxc3 Rxc3 17. bxc3 Qc8 18. Rc1 Rd8 19. Bg5 Bxg5 20. Nxg5 h6 21. Nf3 Rd7 22. Bb1 Nc4 23. h4 Rc7 24. Qc2 g6 25. Qa2 Bf5 26. a4 Re7 27. Re1 Rxe1+ 28. Nxe1 Bxb1 29. Qxb1 Qe8 30. Nf3 b6 31. Qc1 Kg7 32. Qf4 Qe7 33. g4 Nd6 34. h5 Ne4 35. hxg6 fxg6 36. Ne5 Nxc3 37. Qf3 Ne4 38. Kg2 Qf6 39. Qe3 Ng5 40. Qb3 Ne6 41. Kg1 Nf4 42. Qc2 Ne6 43. Qd3 Nf4 44. Qc2 Ne6 1/2-1/2

[Event "Montevideo Duchamp Cup 4th"]
[Site "Montevideo"]
[Date "2020.02.08"]
[Round "1"]
[White "Baratta, Daniel"]
[Black "Durante, Aurelio"]
[Result "0-1"]
[WhiteElo "1201"]
[BlackElo "1955"]
[PlyCount "114"]
[EventDate "2020.02.08"]
[EventType "swiss"]
[EventRounds "9"]
[EventCountry "URU"]
[SourceTitle "CBM 194 Extra"]
[Source "ChessBase"]
[SourceDate "2020.03.31"]
[SourceVersion "1"]
[SourceVersionDate "2020.03.31"]
[SourceQuality "1"]

1. d4 c5 2. Nf3 Nf6 3. e3 d6 4. b3 Bg4 5. h3 Bh5 6. Be2 e6 7. Bb2 Be7 8. Nbd2 Nc6 9. 0-0 0-0 10. c3 Rc8 11. Rc1 a6 12. a4 Qc7 13. Re1 Rfd8 14. Qc2 d5 15. Bd3 Qb8 16. Ne5 cxd4 17. Nxc6 Rxc6 18. exd4 Rdc8 19. Qb1 Qf4 20. Nf1 Qh4 21. Rc2 Bd6 22. Re3 Ne4 23. Bxe4 dxe4 24. Qe1 f5 25. c4 Bg6 26. c5 Be7 27. b4 Bg5 28. Rec3 f4 29. b5 axb5 30. axb5 R6c7 31. b6 Rc6 32. Ra3 e3 33. Re2 Bh5 34. f3 Qxe1 35. Rxe1 Bf6 36. Ra7 Rb8 37. Nh2 Bh4 38. Re2 Bg6 39. Ra3 h5 40. Nf1 Bf2+ 41. Kh2 Bf7 42. g3 g5 43. g4 hxg4 44. hxg4 Be8 45. Kg2 Kf7 46. Ra7 Rcc8 47. Rc2 Bc6 48. Bc3 Ra8 49. Nh2 Bd5 50. Kf1 Ke7 51. Bb4 Kd7 52. Be1 Bxe1 53. Kxe1 Rxa7 54. bxa7 Ra8 55. Rb2 Rxa7 56. Nf1 Ra1+ 57. Ke2 Bc4# 0-1

[Event "Punta del Este Interdepartamental"]
[Site "Punta del Este"]
[Date "2019.08.24"]
[Round "3.2"]
[White "Braso, Jorge"]
[Black "Durante, Aurelio"]
[Result "1-0"]
[WhiteElo "2108"]
[BlackElo "1958"]
[PlyCount "87"]
[EventDate "2019.08.23"]
[EventType "team-swiss"]
[EventRounds "5"]
[EventCountry "URU"]
[SourceTitle "EXT 2020"]
[Source "ChessBase"]
[SourceDate "2019.10.17"]
[SourceVersion "1"]
[SourceVersionDate "2019.10.17"]
[SourceQuality "1"]
[WhiteTeam "Lavalleja"]
[BlackTeam "Canelones Las Piedras"]
[WhiteTeamCountry "URU"]
[BlackTeamCountry "URU"]

1. e4 g6 2. d4 Bg7 3. Nc3 c5 4. Nf3 cxd4 5. Nxd4 Nc6 6. Nxc6 bxc6 7. Bd2 Qc7 8. Bc4 Nf6 9. Qe2 d6 10. 0-0 0-0 11. Rad1 a5 12. Bg5 a4 13. Kh1 a3 14. b3 Ng4 15. h3 Ne5 16. Rfe1 Nxc4 17. Qxc4 Qb7 18. Qd3 Re8 19. Ne2 h6 20. Be3 Qc7 21. c4 Rd8 22. Nc3 Qa5 23. Na4 Qh5 24. Kg1 Ba6 25. Bb6 Rf8 26. Bd4 e5 27. Bb6 Rfd8 28. Bxd8 Rxd8 29. Qf3 Qg5 30. c5 dxc5 31. Rxd8+ Qxd8 32. Nxc5 Bb5 33. Rd1 Qe7 34. Rd7 Qf8 35. Nb7 Ba6 36. Rd8 Bxb7 37. Rxf8+ Bxf8 38. Qc3 Bc8 39. b4 Be6 40. Qxa3 Kg7 41. Qb2 f6 42. a4 Kf7 43. a5 Bc4 44. a6 1-0

[Event "Montevideo Biblioteca Nacional op"]
[Site "Montevideo"]
[Date "2019.07.30"]
[Round "5"]
[White "Casas, Nicolas"]
[Black "Durante, Aurelio"]
[Result "0-1"]
[WhiteElo "1798"]
[BlackElo "1958"]
[PlyCount "72"]
[EventDate "2019.07.02"]
[EventType "swiss"]
[EventRounds "6"]
[EventCountry "URU"]
[SourceTitle "EXT 2020"]
[Source "ChessBase"]
[SourceDate "2019.10.17"]
[SourceVersion "1"]
[SourceVersionDate "2019.10.17"]
[SourceQuality "1"]

1. d4 d5 2. Nf3 Nf6 3. Bf4 c5 4. c3 Qb6 5. Qb3 c4 6. Qc2 Nc6 7. Nbd2 Bg4 8. Ne5 Nxe5 9. Bxe5 e6 10. Bxf6 gxf6 11. Qa4+ Qc6 12. Qxc6+ bxc6 13. e4 Rb8 14. b3 Bh6 15. b4 e5 16. dxe5 fxe5 17. Be2 Be6 18. Nf3 f6 19. exd5 cxd5 20. a3 0-0 21. Rd1 Rb6 22. Nd2 a5 23. 0-0 Ra8 24. Bf3 axb4 25. axb4 Ra2 26. Nb1 e4 27. Bh5 f5 28. h3 Bg7 29. Rfe1 Rb2 30. f3 Kf8 31. fxe4 fxe4 32. Bg4 Ke7 33. Bxe6 Kxe6 34. Kf1 Rxb1 35. Rxb1 Bxc3 36. Re2 Rxb4 0-1

[Event "WchT Seniors 50"]
[Site "Rhodes"]
[Date "2019.04.22"]
[Round "7.9"]
[White "Durante, Aurelio"]
[Black "Theuer, Carsten"]
[Result "1-0"]
[WhiteElo "1955"]
[BlackElo "1868"]
[PlyCount "97"]
[EventDate "2019.04.16"]
[EventType "team-swiss"]
[EventRounds "9"]
[EventCountry "GRE"]
[SourceTitle "CBM 190 Extra"]
[Source "ChessBase"]
[SourceDate "2019.07.15"]
[SourceVersion "1"]
[SourceVersionDate "2019.07.15"]
[SourceQuality "1"]
[WhiteTeam "Uruguay"]
[BlackTeam "Offenbach"]
[WhiteTeamCountry "URU"]
[BlackTeamCountry "GER"]

1. e4 e6 2. d3 d5 3. Nd2 Nf6 4. Ngf3 c5 5. g3 Nc6 6. Bg2 Be7 7. 0-0 0-0 8. e5 Nd7 9. Re1 Qc7 10. Qe2 b6 11. c3 Ba6 12. Nf1 Rac8 13. Bf4 Rfd8 14. h4 Nf8 15. h5 c4 16. d4 b5 17. Ne3 Rb8 18. a3 Bc8 19. Ng4 Re8 20. h6 g6 21. Nf6+ Bxf6 22. exf6 Qb6 23. Bxb8 Qxb8 24. Ng5 Bd7 25. Nf3 Qd6 26. Ne5 Bc8 27. g4 Nd7 28. Rad1 a5 29. Rd2 a4 30. Qe3 Rf8 31. Qg5 Ndb8 32. f4 Nxe5 33. Rxe5 Qd8 34. f5 Nd7 35. fxe6 fxe6 36. Rxe6 Nxf6 37. Rxf6 Qxf6 38. Bxd5+ Be6 39. Qxf6 Rxf6 40. g5 Bxd5 41. gxf6 Kf7 42. Rf2 Be4 43. Re2 Bf5 44. Re7+ Kxf6 45. Rxh7 Kg5 46. Kf2 Kh5 47. Kg3 Bd3 48. d5 g5 49. Rf7 1-0